Nuevo viento en popa : taller de la palabra para 1er grado

Salvato in:
Dettagli Bibliografici
Autore principale: Goldberg, Mirta, 1945-
Altri autori: Bogomolny, María Inés
Natura: Libro
Lingua:spagnolo
Pubblicazione: Buenos Aires : 1995
Edizione:5ª ed.
Catalogo:BNM:  Risultati della ricerca del catalogo della biblioteca
Libro di testo Classificazione:
Soggetti:
Tags: Aggiungi Tag
Nessun Tag, puoi essere il primo ad aggiungerne!!
Aggiunto a:1996-12-04
Cambiato in:2022-02-24

MARC

LEADER 00000cam a22000004a 4500
003 AR-BaBNM
005 20220224231110.0
007 ta
008 961205s1995 ag ||||b |||||||||||spa|d
020 |a 950-701-009-2 
035 |a 000066945 
040 |a AR-BaBNM  |b spa 
080 |a 372.4 
100 1 |a Goldberg, Mirta,  |d 1945-  |9 14958 
245 1 0 |a Nuevo viento en popa :  |b taller de la palabra para 1er grado /  |c Mirta Goldberg, María Inés Bogomolny 
250 |a 5ª ed. 
260 |a Buenos Aires :  |b Aique Grupo Editor,  |c 1995 
300 |a 127 p. :  |b il. 
500 |a La presente obra de integra con el libro de lectura 
650 4 |a Actividades de aprendizaje  |9 6429  |a Ortografía  |9 9307  |a Enseñanza de la escritura  |9 7744  |a Enseñanza de la lectura  |9 7753  |a Enseñanza de la lengua  |9 7754 
655 4 |a Libros de lectura 
700 1 |a Bogomolny, María Inés 
942 |2 udc  |c LIBRO 
999 |c 99861  |d 99861 
999 |c KOHA-OAI-TEST:99861  |d 99861